| 000 | 00736nam a2200229 a 4500 | ||
|---|---|---|---|
| 001 | BRCA_5659 | ||
| 005 | 20190320205154.0 | ||
| 008 | 220211t1945----mx-a######---#000-0#spa-# | ||
| 041 | _aspa | ||
| 044 | _amx | ||
| 050 | 4 |
_aNK4714 _b.M47 1945 |
|
| 100 | 1 |
_aMérida, Carlos _914381 |
|
| 245 | 1 | 0 |
_aTrajes regionales mexicanos _cCarlos Mérida ; con introducción de Salvador Echeverria. |
| 260 |
_aMéxico _bAtlante _c1945 |
||
| 300 |
_a16 p. _bil. (algunas a color), 25 láminas _c46 cm. |
||
| 500 | _aIntroducción y texto explicativo; edición con caja y cintillas; cuadernillo explicativo. | ||
| 500 | _aF131 | ||
| 650 | 1 | 4 |
_aIndumentaria _zMéxico _9808 |
| 700 | 1 |
_aEcheverria, Salvador _914382 |
|
| 902 | _aGFM | ||
| 942 |
_2lcc _cB |
||
| 999 |
_c5352 _d5352 |
||